Statistics for Can you name all states in the USA I have been to?

Click here to take the quiz!

General Stats

  • This quiz has been taken 124 times
    (32 since last reset)
  • The average score is 9 of 10

Answer Stats

HintAnswer% Correct
UUtah
100%
AArizona
96%
WWashington
93%
IIdaho
89%
NNevada
89%
WWyoming
89%
AAlaska
86%
CCalifornia
82%
OOregon
79%
MMontana
75%

Score Distribution

Percentile by Number Answered

Percent of People with Each Score

Your Score History

You have not taken this quiz since the last reset